| 000 | 00588nam a2200229Ia 4500 | ||
|---|---|---|---|
| 008 | 180523s9999 xx 000 0 und d | ||
| 020 | _a978-981-06-9789-1 | ||
| 050 | _aMAIN TS 155 | ||
| 050 | _b.H45 2011 | ||
| 100 | _aHeizer, Jay. | ||
| 245 | 0 | _aOperations management / | |
| 245 | 0 | _cJay Heizer, Barry Render. | |
| 250 | _a10th Edition | ||
| 260 | _aSingapore : | ||
| 260 | _bPearson Education South Asia, | ||
| 260 | _c2011 | ||
| 300 | _a837 pages : | ||
| 300 | _billustrations ; | ||
| 300 | _c26 cm. | ||
| 500 | _aIncludes index. | ||
| 650 | _aProduction management. | ||
| 999 |
_c357709 _d357709 |
||